چالیس چراغ عشق کے (Record no. 14859)

MARC details
000 -LEADER
fixed length control field 00349nam a2200145Ia 4500
008 - FIXED-LENGTH DATA ELEMENTS--GENERAL INFORMATION
fixed length control field 230312s9999||||xx |||||||||||||| ||und||
020 ## - INTERNATIONAL STANDARD BOOK NUMBER
International Standard Book Number 9789696520672
082 ## - DEWEY DECIMAL CLASSIFICATION NUMBER
Classification number 891.4
Item number ALF-C
100 ## - MAIN ENTRY--PERSONAL NAME
Personal name ایلف شفق
245 #0 - TITLE STATEMENT
Title چالیس چراغ عشق کے
260 ## - PUBLICATION, DISTRIBUTION, ETC.
Name of publisher, distributor, etc. Jamhori
Place of publication, distribution, etc. pak
Date of publication, distribution, etc. 2017
300 ## - PHYSICAL DESCRIPTION
Extent 3747
650 ## - SUBJECT ADDED ENTRY--TOPICAL TERM
Topical term or geographic name entry element Literature
942 ## - ADDED ENTRY ELEMENTS (KOHA)
Koha item type BOOK
Holdings
Withdrawn status Lost status Source of classification or shelving scheme Damaged status Not for loan Home library Current library Date acquired Total Checkouts Total Renewals Full call number Barcode Date last seen Date last checked out Price effective from Koha item type
    Dewey Decimal Classification     Superior Information Resource Center (SIRC) Superior University- Main Campus Superior Information Resource Center (SIRC) Superior University- Main Campus 03/13/2023 3 1 891.4 ALF-C 15002 02/03/2025 01/24/2025 03/13/2023 BOOK

Powered by Koha